Sobre la lectura en las salas de espera

Kaydedildi:
Detaylı Bibliyografya
Yazar: Velez, German
Materyal Türü: Bilinmiyor
Baskı/Yayın Bilgisi: Colombia: Agora,
Konular:
Etiketler: Etiketle
Etiket eklenmemiş, İlk siz ekleyin!

MARC

LEADER 000000000a22000000004500
001 000100
100 1 |a Velez, German 
245 1 0 |a Sobre la lectura en las salas de espera 
260 |a Colombia:   |b Agora, 
650 4 |a TECNOAFASIA 
650 4 |a LECTURA 
773 0 |t Con-Textos: Revista de Semiótica Literaria 
773 0 |g 2 
773 0 |g 16 
773 0 |g 1995 
773 0 |g 121-126 
999 |c 842  |d 842